000 00972nac a22002777a 4500
001 BR7904079
003 BR-BrBNA
005 20240105114443.0
008 230509b bl.|||m| |||| 00| 0 por d
040 _aBR-BrBNA
_bpor
_cBiblioteca Nacional de Agricultura
072 _aF25
090 _a1126 BR7904079
100 1 _aGadelha, R.S. de S.
100 1 _aVasconcellos, H. de O.
100 1 _aVieira, A.
110 1 _aEmpresa de Pesquisa Agropecuaria do Estado do Rio de Janeiro, Niteroi (Brasil)
245 1 _aEfeito de tres tipos de materia organica, aplicados em solo regossol, no cultivo do abacaxi [Brasil]
260 3 _aNiteroi, RJ (Brasil):
_c1979.
300 _a3 p.
490 _aComunicado Tecnico - Empresa de Pesquisa Agropecuaria do Estado do Rio de Janeiro (Brazil)
_vno. 28
_xISSN 0100-896X
650 _aABACAXI
650 _aADUBO ORGANICO
650 _aREGOSSOLO
909 _a202312
_bLúcia Elande
_c55
_dLúcia Elande
942 _2AGRIS
_n0
_cMS
999 _c269441
_d269441